<?xml version="1.0" encoding="UTF-8"?>
<record
    xmlns:xsi="http://www.w3.org/2001/XMLSchema-instance"
    xsi:schemaLocation="http://www.loc.gov/MARC21/slim http://www.loc.gov/standards/marcxml/schema/MARC21slim.xsd"
    xmlns="http://www.loc.gov/MARC21/slim">

  <leader>00349nam a22001217a 4500</leader>
  <datafield tag="999" ind1=" " ind2=" ">
    <subfield code="c">9794</subfield>
    <subfield code="d">9794</subfield>
  </datafield>
  <controlfield tag="003">OSt</controlfield>
  <controlfield tag="008">201203b           ||||| |||| 00| 0 eng d</controlfield>
  <datafield tag="245" ind1=" " ind2=" ">
    <subfield code="a">IIMB Management Review</subfield>
  </datafield>
  <datafield tag="250" ind1=" " ind2=" ">
    <subfield code="a">2014(Mar Vol.26 No.1, Jun Vol.26 No.2) 2015(Jun Vol.27 No.2, Dec Vol.27 No.4) </subfield>
  </datafield>
  <datafield tag="260" ind1=" " ind2=" ">
    <subfield code="a">Bangalore,Karnataka</subfield>
    <subfield code="b">IIMB</subfield>
  </datafield>
  <datafield tag="650" ind1=" " ind2=" ">
    <subfield code="a">Management</subfield>
  </datafield>
  <datafield tag="942" ind1=" " ind2=" ">
    <subfield code="2">ddc</subfield>
    <subfield code="c">BV</subfield>
  </datafield>
  <datafield tag="952" ind1=" " ind2=" ">
    <subfield code="0">0</subfield>
    <subfield code="1">0</subfield>
    <subfield code="2">ddc</subfield>
    <subfield code="3">Bound Volume</subfield>
    <subfield code="4">0</subfield>
    <subfield code="7">1</subfield>
    <subfield code="8">MBA</subfield>
    <subfield code="a">PIET</subfield>
    <subfield code="b">PIET</subfield>
    <subfield code="d">2020-12-14</subfield>
    <subfield code="e">IIMB</subfield>
    <subfield code="h">2014(Mar Vol.26 No.1, Jun Vol.26 No.2) 2015(Jun Vol.27 No.2, Dec Vol.27 No.4) </subfield>
    <subfield code="l">0</subfield>
    <subfield code="p">BV539</subfield>
    <subfield code="r">2020-12-14 00:00:00</subfield>
    <subfield code="w">2014-01-09</subfield>
    <subfield code="y">BV</subfield>
  </datafield>
</record>
